|
|
|
|
| LEADER |
02817nam a22004575i 4500 |
| 001 |
978-1-4471-4489-2 |
| 003 |
DE-He213 |
| 005 |
20151125193316.0 |
| 007 |
cr nn 008mamaa |
| 008 |
121205s2013 xxk| s |||| 0|eng d |
| 020 |
|
|
|a 9781447144892
|9 978-1-4471-4489-2
|
| 024 |
7 |
|
|a 10.1007/978-1-4471-4489-2
|2 doi
|
| 040 |
|
|
|d GrThAP
|
| 050 |
|
4 |
|a RD701-811
|
| 072 |
|
7 |
|a MNS
|2 bicssc
|
| 072 |
|
7 |
|a MED065000
|2 bisacsh
|
| 082 |
0 |
4 |
|a 616.7
|2 23
|
| 245 |
1 |
0 |
|a Minimally Invasive Forefoot Surgery in Clinical Practice
|h [electronic resource] /
|c edited by Nicola Maffuli, Mark Easley.
|
| 264 |
|
1 |
|a London :
|b Springer London :
|b Imprint: Springer,
|c 2013.
|
| 300 |
|
|
|a VIII, 235 p. 150 illus.
|b online resource.
|
| 336 |
|
|
|a text
|b txt
|2 rdacontent
|
| 337 |
|
|
|a computer
|b c
|2 rdamedia
|
| 338 |
|
|
|a online resource
|b cr
|2 rdacarrier
|
| 347 |
|
|
|a text file
|b PDF
|2 rda
|
| 505 |
0 |
|
|a Arthroscopy of the first metatarsophalangeal joint -- Minimally invasive management of hallux rigidus -- Percutaneous first metatarso-phalangeal joint fusion -- The Reverdin-Isham procedure for the correction of hallux valgus -- Arthroscopic assisted correction of hallux valgus deformity -- Minimally invasive hallux valgus correction -- Minimally invasive modified Wilson osteotomy for hallux valgus -- Percutaneous treatment of static metatarsalgia with distal metatarsal mini-invasive osteotomy -- Percutaneous surgery for static metatarsalgia -- Isham hammertoe procedures for the correction of lesser digital deformities -- Minimally invasive management of dorsiflexion contracture at the metatarsophalangeal joint and plantarflexion contracture at the proximal interphalangeal joint of the fifth toe -- Arthroscopic assisted correction of lesser toe deformity -- Percutaneous fixation of proximal fifth metatarsal fractures.
|
| 520 |
|
|
|a Minimally Invasive Forefoot Surgery in Clinical Practice describes a number of the better established and accepted minimally invasive surgical correction techniques for forefoot problems, and is aimed at junior and general orthopedic surgeons who require a useful easy reference for these procedures. The concise written text is complemented by a generous assortment of useful photos, diagrams, and imaging studies.
|
| 650 |
|
0 |
|a Medicine.
|
| 650 |
|
0 |
|a Orthopedics.
|
| 650 |
|
0 |
|a Sports medicine.
|
| 650 |
1 |
4 |
|a Medicine & Public Health.
|
| 650 |
2 |
4 |
|a Orthopedics.
|
| 650 |
2 |
4 |
|a Surgical Orthopedics.
|
| 650 |
2 |
4 |
|a Sports Medicine.
|
| 700 |
1 |
|
|a Maffuli, Nicola.
|e editor.
|
| 700 |
1 |
|
|a Easley, Mark.
|e editor.
|
| 710 |
2 |
|
|a SpringerLink (Online service)
|
| 773 |
0 |
|
|t Springer eBooks
|
| 776 |
0 |
8 |
|i Printed edition:
|z 9781447144885
|
| 856 |
4 |
0 |
|u http://dx.doi.org/10.1007/978-1-4471-4489-2
|z Full Text via HEAL-Link
|
| 912 |
|
|
|a ZDB-2-SME
|
| 950 |
|
|
|a Medicine (Springer-11650)
|